Предисловие Главного редактора; Известия Томского политехнического университета [Известия ТПУ]; Т. 306, № 7
| Parent link: | Известия Томского политехнического университета [Известия ТПУ]/ Томский политехнический университет (ТПУ).— , 2000- Т. 306, № 7.— 2003.— [С. 6] |
|---|---|
| المؤلف الرئيسي: | |
| الملخص: | Заглавие с титульного листа Электронная версия печатной публикации В номер включены наиболее интересные материалы, опубликованные в журнале за столетний период. |
| اللغة: | الروسية |
| منشور في: |
2003
|
| الموضوعات: | |
| الوصول للمادة أونلاين: | http://www.lib.tpu.ru/fulltext/v/Bulletin_TPU/2003/v306/i7/02.pdf |
| التنسيق: | MixedMaterials الكتروني فصل الكتاب |
| KOHA link: | https://koha.lib.tpu.ru/cgi-bin/koha/opac-detail.pl?biblionumber=168153 |
MARC
| LEADER | 00000nla2a2200000 4500 | ||
|---|---|---|---|
| 001 | 168153 | ||
| 005 | 20231031163026.0 | ||
| 035 | |a (RuTPU)RU\TPU\book\182436 | ||
| 035 | |a RU\TPU\book\182435 | ||
| 090 | |a 168153 | ||
| 100 | |a 20091026d2003 k y0rusy50 ca | ||
| 101 | 0 | |a rus | |
| 102 | |a RU | ||
| 135 | |a drnn ---uucaa | ||
| 181 | 0 | |a i | |
| 182 | 0 | |a b | |
| 200 | 1 | |a Предисловие Главного редактора |b Электронный ресурс |f В. А. Власов | |
| 203 | |a Текст |c электронный | ||
| 215 | |a 1 файл (1008 Кб) | ||
| 230 | |a Электронные текстовые данные (1 файл : 1008 Кб) | ||
| 300 | |a Заглавие с титульного листа | ||
| 300 | |a Электронная версия печатной публикации | ||
| 330 | |a В номер включены наиболее интересные материалы, опубликованные в журнале за столетний период. | ||
| 337 | |a Adobe Reader | ||
| 461 | 1 | |0 (RuTPU)RU\TPU\book\176237 |t Известия Томского политехнического университета [Известия ТПУ] |f Томский политехнический университет (ТПУ) |d 2000- | |
| 463 | 1 | |0 (RuTPU)RU\TPU\book\182431 |t Т. 306, № 7 |v [С. 6] |d 2003 |p 222 с. | |
| 610 | 1 | |a труды учёных ТПУ | |
| 610 | 1 | |a электронный ресурс | |
| 610 | 1 | |a статьи | |
| 610 | 1 | |a юбилеи | |
| 610 | 1 | |a юбилейные выпуски | |
| 610 | 1 | |a полиграфическая печать | |
| 700 | 1 | |a Власов |b В. А. |c российский ученый в области физики и химии плазмы, молекулярной физики |c профессор Томского политехнического университета |f 1958- |g Виктор Алексеевич |2 stltpush |3 (RuTPU)RU\TPU\pers\26576 |4 070 | |
| 801 | 1 | |a RU |b 63413507 |c 20090623 |g PSBO | |
| 801 | 2 | |a RU |b 63413507 |c 20131014 |g PSBO | |
| 856 | 4 | |u http://www.lib.tpu.ru/fulltext/v/Bulletin_TPU/2003/v306/i7/02.pdf | |
| 942 | |c CF | ||